Państwa świata ze zwierzętami na flagach - Statystyki

Ogólne statystyki
  • Ten quiz został rozwiązany 463 razy
  • Średni wynik to 6 z 15
Statystyki odpowiedzi
Zwierzę na mapie Flaga państwa % Poprawnych
Ptak "Zimbabwe" Zimbabwe
80%
Czarny dwugłowy orzeł Albania
76%
Orzeł oraz grzechotnik zielony Meksyk
65%
Bezskrzydły smok Bhutan
62%
Papuga Dominika
45%
Złoty lew Sri lanka
43%
Cudowronek Papua-Nowa Gwinea
42%
Dwugłowy złoty orzeł Czarnogóra
39%
Kondor Ekwador
35%
Biały orzeł o dwóch głowach Serbia
34%
Złoty orzeł Zambia
33%
Biało-złoty orzeł Egipt
31%
Koronnik Uganda
30%
Brązowy orzeł Mołdawia
25%
Fregata Republika Kiribati
10%
Nie znaleziono quizów pasujących do podanych kryteriów
Rozkład punktacji
Procent ludzi z każdym wynikiem
Percentyl według liczby udzielonych odpowiedzi
Twoja historia wyników
Nie rozwiązałeś tego quizu